[Event "GER-ch U25-B"]
[Site "Willingen"]
[Date "2018.05.26"]
[Round "9"]
[White "Grob, Marvin"]
[Black "Zha, Kevin"]
[Result "1/2-1/2"]
[WhiteElo "1604"]
[BlackElo "1666"]
[PlyCount "62"]
[EventDate "2018.05.19"]
[EventType "swiss"]
[EventRounds "9"]
[EventCountry "GER"]
[SourceTitle "CBM 184 Extra"]
[Source "ChessBase"]
[SourceDate "2018.06.28"]
[SourceVersion "1"]
[SourceVersionDate "2018.06.28"]
[SourceQuality "1"]

1. e4 g6 2. d4 Bg7 3. Nf3 d6 4. Nc3 Nf6 5. Be3 0-0 6. Qd2 c6 7. 0-0-0 b5 8. Bd3 Nbd7 9. h4 Ng4 10. h5 Nxe3 11. Qxe3 Qb6 12. hxg6 fxg6 13. Qg5 e5 14. Qh4 h6 15. Qg4 Rf6 16. dxe5 Nxe5 17. Qg3 Nxf3 18. gxf3 b4 19. Ne2 Ba6 20. Rhg1 c5 21. e5 dxe5 22. Qxe5 Raf8 23. Kb1 Kh8 24. Bxa6 Qxa6 25. Ng3 c4 26. Nh5 gxh5 27. Rd7 Rg6 28. Rxg7 Rxg1+ 29. Rxg1+ Qf6 30. Qxh5 Rd8 31. Re1 Kh7 1/2-1/2